| 000 | 00841nam a2200277 c 4500 | ||
|---|---|---|---|
| 999 |
_c344013 _d344013 |
||
| 003 | BLK | ||
| 005 | 20191007162922.0 | ||
| 008 | 180911b bul|||||r ||||||| ||bul|| | ||
| 010 | _a003676 | ||
| 040 | _aBLK | ||
| 041 |
_aROM _cBUL |
||
| 080 | _z398.8(498) | ||
| 100 | 1 |
_aJARNIK, Ioan et al. _eпърви автор _914051 |
|
| 245 | 0 | 0 | _aOfine si strigaturi din ardeal |
| 260 |
_aBucuresti _bEdit. Academiei Rep. socialiste Romania _c1968 _fInformatia |
||
| 300 |
_a967 с. : с ил _c26 см |
||
| 380 | _a5 | ||
| 490 |
_aЧастна колекция - Академик Михаил Арнаудов _gДарение - Основен фонд |
||
| 650 |
_aФолклор _9175904 |
||
| 650 |
_aПесни _9166108 |
||
| 655 |
_aЕтнология _9396841 |
||
| 700 | 1 |
_aIoan Urban Jarnik _9399437 |
|
| 700 | 1 |
_a Andrei Birseanu _9399438 |
|
| 852 | _aМА 2984 | ||
| 942 |
_cKNG _n0 _s1 |
||
| 944 |
_aCR _c1994 |
||
| 999 | _d344013 | ||